Normal view
MARC view
Entry Topical Term
001 - CONTROL NUMBER
- control field: 1239115
003 - CONTROL NUMBER IDENTIFIER
- control field: OSt
005 - DATE AND TIME OF LATEST TRANSACTION
- control field: 20260512122727.0
008 - FIXED-LENGTH DATA ELEMENTS
- fixed length control field: 260512|| aca||aabn | a|a d
040 ## - CATALOGING SOURCE
- Original cataloging agency: OSt
- Transcribing agency: OSt
150 ## - HEADING--TOPICAL TERM
- Topical term or geographic name entry element: Manufacturing process
670 ## - SOURCE DATA FOUND
- Source citation: Work cat.: (OSt)1678811: Rabaey, Jan M. 1114233 author, Digital integrated circuits, 2025.
